| 000 | 01531nam a2200313 4500 | ||
|---|---|---|---|
| 003 | EC-UNACH | ||
| 005 | 20260318114343.0 | ||
| 006 | s||||gr|||| 00| 00 | ||
| 008 | 150116t9999 mx r gr 000 0 spa d | ||
| 020 | _a9978-67-050-5 | ||
| 040 |
_aEC-UNACH _cEC-UNACH |
||
| 041 | _aspa | ||
| 082 | 0 | 4 |
_223 _a307.141.2 _bL018636 |
| 100 | _aMartínez, Luciano | ||
| 245 | _aAntología de estudios rurales | ||
| 250 | _aPrimera Edición | ||
| 264 |
_aQuito - Ecuador _bFlacso, Sede Ecuador _c2000 |
||
| 300 |
_a306 páginas _c27 x 15 cm |
||
| 501 | _aIncluye índice | ||
| 505 | _aArtículos -- La adquisición de tierra por dos generaciones de comuneros en la comunidad minifundista Santa Lucía Arriba. Tungurahua -- Mercado de tierras en Ecuador -- La especificidad del empleo rural -- Globalización de la economía y campesinado serrano: un análisis en tres dimensiones -- Los campesinos arroceros y el mercado andino -- Ecuador: Pobreza rural -- Políticas agrícolas y desarrollo rural en el Ecuador -- Aspectos políticos-sociales del manejo de los recursos naturales en la cordillera occidental de las provincias de Cotopaxi y Tungurahua -- El desarrollo de las agroexportaciones en el Ecuador: la primera respuesta empresarial. | ||
| 650 | _aMECANISMOS FINANCIEROS | ||
| 650 | _aPOBLACIÓN RURAL | ||
| 650 | _aGLOBALIZACIÓN | ||
| 650 | _aDISEÑO DE POLÍTICAS | ||
| 942 |
_2ddc _c1 |
||
| 999 | _c14434 | ||